There's a Pandemic in my movie!!! Quiz Stats

 Plays Quiz not verified by Sporcle

Support Sporcle.
Go Orange.
Score 0/20 Timer 05:00
1 Play Today
% Correct
Shaun of the Dead
85.2%
Airplane
83.6%
I Am Legend
82.6%
Blade
82.6%
28 Days Later
77.2%
Outbreak
71.7%
World War Z
70.2%
12 Monkeys
68.1%
Rise of the Planet of the Apes
64.8%
Children of Men
62.8%
% Correct
Contagion
62.7%
Resident Evil
61%
Maze Runner: The Death Cure
54.1%
Dawn of the Dead
33.3%
The Andromeda Strain
26.3%
The Omega Man
25.9%
The Masque of the Red Death
21.5%
The 5th Wave
21%
The Crazies
18.1%
The Last Man on Earth
11.1%

You're not logged in!

Compare scores with friends on all Sporcle quizzes.
OR
Log In

From the Vault

Solar System (A-Z)

by mirek1977

Look! Up in the sky! It's...
Remove Ads.
Support Sporcle.
Get the best of Sporcle when you Go Orange. This ad-free experience offers more features, more stats, and more fun while also helping to support Sporcle. Thank you for becoming a member.

Show Comments

Extras

Top Quizzes Today


Score Distribution

Your Account Isn't Verified!

In order to create a playlist on Sporcle, you need to verify the email address you used during registration. Go to your Sporcle Settings to finish the process.

Report this User

Report this user for behavior that violates our Community Guidelines.

Details: